000 00240nam a22001097a 4500
082 _a537.1EVD'F
100 _aEVDOKIMOV, F.E
_979033
245 _aFUNDAMENTALS OF ELECTRICITY
260 _aMOSCOW
_bMIR
_c1971
300 _a518P
942 _cBK
999 _c584104
_d584104